Third world cities in global perspective : the political economy of uneven urbanization
Αποθηκεύτηκε σε:
| Κύριος συγγραφέας: | |
|---|---|
| Μορφή: | Βιβλίο |
| Γλώσσα: | English |
| Δημοσίευση: |
Colorado :
Westview Press,
c1996
|
| Θέματα: | |
| Ετικέτες: |
Προσθήκη ετικέτας
Δεν υπάρχουν, Καταχωρήστε ετικέτα πρώτοι!
|
MARC
| LEADER | 00000nam a2200000 i 4500 | ||
|---|---|---|---|
| 001 | 1/18531 | ||
| 008 | 981019s1996 eng d | ||
| 020 | |a 0-8133-2998-1 | ||
| 035 | |l 10020946 | ||
| 040 | |a GR-MY-UA |b gre |e aacr | ||
| 041 | 0 | |a eng | |
| 082 | 0 | |a 307.76091724 | |
| 100 | 1 | |a Smith, David A. |q (David Alden) |d 1956- | |
| 245 | 1 | 0 | |a Third world cities in global perspective : |b the political economy of uneven urbanization / |c David A. Smith |
| 260 | |a Colorado : |b Westview Press, |c c1996 | ||
| 300 | |a 202 p. | ||
| 504 | |a Includes bibliographical references and index | ||
| 650 | 0 | 0 | |a Cities and towns |z Developing countries. |
| 650 | 0 | 0 | |a Urbanization |z Developing countries. |
| 852 | |a INST |b LESVOS |e 19981019 |h 307.7609724 SMI |p 005100018604 |q 005100018604 |t BK |y 0 | ||
| 901 | |a BIBL-1998-3 | ||
| 909 | |a Λ |b 059431 | ||
| 922 | |a 1ΕΛΗ |b 199809 |c ΚΠΣ/ΤΚΑ |d ΠΑΠΑΣΩΤΗΡΙΟΥ | ||
| 950 | |a 117-1998-07-11 | ||